|
|
|
|
| LEADER |
03035nam a22004453i 4500 |
| 001 |
EBC6422509 |
| 003 |
MiAaPQ |
| 005 |
20231204023215.0 |
| 006 |
m o d | |
| 007 |
cr cnu|||||||| |
| 008 |
231204s2016 xx o ||||0 eng d |
| 020 |
|
|
|a 9783319425894
|q (electronic bk.)
|
| 020 |
|
|
|z 9783319425887
|
| 035 |
|
|
|a (MiAaPQ)EBC6422509
|
| 035 |
|
|
|a (Au-PeEL)EBL6422509
|
| 035 |
|
|
|a (OCoLC)1231605764
|
| 040 |
|
|
|a MiAaPQ
|b eng
|e rda
|e pn
|c MiAaPQ
|d MiAaPQ
|
| 050 |
|
4 |
|a QA10.92-20
|
| 100 |
1 |
|
|a Bikner-Ahsbahs, Angelika.
|
| 245 |
1 |
0 |
|a Theories in and of Mathematics Education :
|b Theory Strands in German Speaking Countries.
|
| 250 |
|
|
|a 1st ed.
|
| 264 |
|
1 |
|a Cham :
|b Springer International Publishing AG,
|c 2016.
|
| 264 |
|
4 |
|c ©2016.
|
| 300 |
|
|
|a 1 online resource (56 pages)
|
| 336 |
|
|
|a text
|b txt
|2 rdacontent
|
| 337 |
|
|
|a computer
|b c
|2 rdamedia
|
| 338 |
|
|
|a online resource
|b cr
|2 rdacarrier
|
| 490 |
1 |
|
|a ICME-13 Topical Surveys Series
|
| 505 |
0 |
|
|a Intro -- Contents -- 1 Introduction -- 2 Theories in Mathematics Education as a Scientific Discipline -- 2.1 How to Understand Theories and How They Relate to Mathematics Education as a Scientific Discipline: A Discussion in the 1980s -- 2.2 Theories of Mathematics Education (TME): A Program for Developing Mathematics Education as a Scientific Discipline -- 2.3 Post-TME Period -- 3 Joachim Lompscher and His Activity Theory Approach Focusing on the Concept of Learning Activity and How It Influences Contemporary Research in Germany -- 3.1 Introduction -- 3.2 Conceptual Bases -- 3.3 Exemplary Applications of the Activity Theory -- 4 Signs and Their Use: Peirce and Wittgenstein -- 4.1 Introductory Remarks -- 4.2 Charles Sanders Peirce -- 4.3 Diagrams and Diagrammatic Thinking -- 4.4 Wittgenstein: Meaning as Use -- 4.5 Conclusion -- 5 Networking of Theories in the Tradition of TME -- 5.1 The Networking of Theories Approach -- 5.2 The Networking of Theories and the Philosophy of the TME Program -- 5.3 An Example of Networking the Two Theoretical Approaches -- 5.4 The Sign-Game View -- 5.5 The Learning Activity View -- 5.6 Comparison of Both Approaches -- 6 Summary and Looking Ahead -- References -- List of References -- List of References for Further Reading.
|
| 588 |
|
|
|a Description based on publisher supplied metadata and other sources.
|
| 590 |
|
|
|a Electronic reproduction. Ann Arbor, Michigan : ProQuest Ebook Central, 2023. Available via World Wide Web. Access may be limited to ProQuest Ebook Central affiliated libraries.
|
| 655 |
|
4 |
|a Electronic books.
|
| 700 |
1 |
|
|a Vohns, Andreas.
|
| 700 |
1 |
|
|a Schmitt, Oliver.
|
| 700 |
1 |
|
|a Bruder, Regina.
|
| 700 |
1 |
|
|a Dörfler, Willi.
|
| 776 |
0 |
8 |
|i Print version:
|a Bikner-Ahsbahs, Angelika
|t Theories in and of Mathematics Education
|d Cham : Springer International Publishing AG,c2016
|z 9783319425887
|
| 797 |
2 |
|
|a ProQuest (Firm)
|
| 830 |
|
0 |
|a ICME-13 Topical Surveys Series
|
| 856 |
4 |
0 |
|u https://ebookcentral.proquest.com/lib/matrademy/detail.action?docID=6422509
|z Click to View
|